Witamy w Bibliotece Naukowej Instytutu Łączności!

Systemy i procesy informacyjne / (Rekord nr 14356)

000 -LEADER
fixed length control field 01571cam a2200481 i 4500
005 - DATE AND TIME OF LATEST TRANSACTION
control field 20171212141726.0
008 - FIXED-LENGTH DATA ELEMENTS--GENERAL INFORMATION
fixed length control field 071004s1986 pl a e |000 0 pol c
020 ## - INTERNATIONAL STANDARD BOOK NUMBER
International Standard Book Number 832080521X
035 ## - SYSTEM CONTROL NUMBER
System control number zz2007973568
039 #9 - LEVEL OF BIBLIOGRAPHIC CONTROL AND CODING DETAIL [OBSOLETE]
Level of rules in bibliographic description 201703101154
Level of effort used to assign nonsubject heading access points kopilwa
Level of effort used to assign subject headings 201611092006
Level of effort used to assign classification szczu
Level of effort used to assign subject headings 201506020749
Level of effort used to assign classification koppp
Level of effort used to assign subject headings 201504031132
Level of effort used to assign classification kopub
-- 200710040844
-- xul
040 ## - CATALOGING SOURCE
Original cataloging agency Ł U/BWES
Transcribing agency Ł U/BWES
Modifying agency Ł U/AS
-- Ł U/ASs
-- LUBL M/AB
041 0# - LANGUAGE CODE
Language code of text/sound track or separate title pol
Language code of summary or abstract/overprinted title or subtitle eng
-- rus
099 ## - LOCAL FREE-TEXT CALL NUMBER (OCLC)
Classification number ja2007008756
100 1# - MAIN ENTRY--PERSONAL NAME
Personal name Chajtman, Seweryn
Dates associated with a name (1919?-2012).
245 10 - TITLE STATEMENT
Title Systemy i procesy informacyjne /
Statement of responsibility, etc Seweryn Chajtman.
260 ## - PUBLICATION, DISTRIBUTION, ETC. (IMPRINT)
Place of publication, distribution, etc Warszawa :
Name of publisher, distributor, etc Państwowe Wydawnictwo Ekonomiczne,
Date of publication, distribution, etc 1986.
300 ## - PHYSICAL DESCRIPTION
Extent 194, [1] s. :
Other physical details il. ;
Dimensions 21 cm.
490 1# - SERIES STATEMENT
Series statement Informatyka w Praktyce
504 ## - BIBLIOGRAPHY, ETC. NOTE
Bibliography, etc Bibliogr. s. 188-191.
546 ## - LANGUAGE NOTE
Language note Streszcz. ang. i ros.
650 ## - SUBJECT ADDED ENTRY--TOPICAL TERM
Topical term or geographic name as entry element Systemy informacyjno-wyszukiwawcze.
710 2# - ADDED ENTRY--CORPORATE NAME
Corporate name or jurisdiction name as entry element Państwowe Wydawnictwo Ekonomiczne.
Relator code pbl
830 #0 - SERIES ADDED ENTRY--UNIFORM TITLE
Uniform title Informatyka w Praktyce
982 ## - EQUIVALENCE OR CROSS-REFERENCE-SERIES STATEMENT--CONFERENCE OR MEETING NAME/TITLE [LOCAL, CANADA]
Meeting name or jurisdiction name as entry element BYDG_24
920 ## -
-- 83-208-0521-X
956 ## - LOCAL ELECTRONIC LOCATION AND ACCESS (OCLC)
Host name KR_121
957 ## -
-- KR_197
958 ## -
-- LUBL_58
959 ## -
-- LUBL_64
961 ## -
-- WA_310 WA_M
962 ## -
-- KR_U
966 ## -
-- POZN_31 POZN_U
967 ## - ADDITIONAL ESTC CODES (RLIN)
GNR (RLIN) LUBL_U
968 ## -
-- TOR_U
970 ## -
-- WA_015 WA_U
971 ## -
-- L_U
973 ## -
-- KAT_001 KAT_U
975 ## -
-- LUBL_M
978 ## -
-- OLSZT_003
979 ## -
-- BSTOK_U
980 ## - EQUIVALENCE OR CROSS-REFERENCE-SERIES STATEMENT--PERSONAL NAME/TITLE [LOCAL, CANADA]
Personal name SZCZ_U SZCZ_ZUT
Egzemplarze
Withdrawn status Lost status Source of classification or shelving scheme Damaged status Not for loan Permanent Location Current Location Shelving location Date acquired Inventory number Full call number Barcode Date last seen Price effective from Koha item type
          Instytut Łączności Instytut Łączności Magazyn 1987-12-30 35361 35361 35361 2022-07-22 2017-11-30 Książki

Działa dzięki Koha